000 00282nam a22001337a 4500
008 170727b xxu||||| |||| 00| 0 eng d
020 _a9780124859654
041 _aeng
080 _a004
100 _a31
101 _aSHKI
245 _aFUZZY LOGIC
_cYAGER, R.R
942 _2udc
_cBK
999 _c22058
_d22058